[Event "Madurai op 1st"]
[Site "Madurai"]
[Date "2017.08.15"]
[Round "7"]
[White "Adhithya, S."]
[Black "Ramnathan, Balasubramaniam"]
[Result "0-1"]
[WhiteElo "2097"]
[BlackElo "2133"]
[PlyCount "79"]
[EventDate "2017.08.12"]
[EventType "swiss"]
[EventRounds "8"]
[EventCountry "IND"]
[SourceTitle "CBM 180 Extra"]
[Source "ChessBase"]
[SourceDate "2017.10.06"]
[SourceVersion "1"]
[SourceVersionDate "2017.10.06"]
[SourceQuality "1"]

1. c4 Nf6 2. Nf3 c6 3. d4 d5 4. e3 g6 5. Nc3 Bg7 6. Bd3 0-0 7. 0-0 dxc4 8. Bxc4 b5 9. Bb3 a6 10. Qe2 Nbd7 11. Rd1 Qc7 12. e4 b4 13. Na4 e6 14. Bg5 a5 15. Rac1 Ba6 16. Qc2 Qa7 17. h3 Bb5 18. Be3 Qa6 19. Ne5 Rfc8 20. f3 Qb7 21. Nc4 Bf8 22. Bf4 Ne8 23. Kh1 Bg7 24. Nd6 Nxd6 25. Bxd6 Qa7 26. d5 exd5 27. exd5 Qa6 28. Qd2 c5 29. Bf4 c4 30. Bc2 c3 31. bxc3 bxc3 32. Qf2 Rc4 33. Be3 Bxa4 34. Bd4 Bxc2 35. Rxc2 Rac8 36. Bxg7 Kxg7 37. Qe3 Qd6 38. Rd3 Nf6 39. Rdxc3 Nxd5 40. Qd2 0-1

[Event "Madurai op 1st"]
[Site "Madurai"]
[Date "2017.08.14"]
[Round "6"]
[White "Keshav, Kothari"]
[Black "Adhithya, S."]
[Result "0-1"]
[WhiteElo "1632"]
[BlackElo "2097"]
[PlyCount "76"]
[EventDate "2017.08.12"]
[EventType "swiss"]
[EventRounds "8"]
[EventCountry "IND"]
[SourceTitle "CBM 180 Extra"]
[Source "ChessBase"]
[SourceDate "2017.10.06"]
[SourceVersion "1"]
[SourceVersionDate "2017.10.06"]
[SourceQuality "1"]

1. d4 d5 2. c4 c6 3. Nf3 e6 4. Qc2 Nf6 5. e3 Bd6 6. Nc3 Nbd7 7. Bd3 0-0 8. 0-0 dxc4 9. Bxc4 e5 10. h3 Qe7 11. Bb3 h6 12. Rd1 Re8 13. Nh4 Nf8 14. Nf5 Bxf5 15. Qxf5 exd4 16. Rxd4 Qe5 17. Qxe5 Bxe5 18. Rd1 Rad8 19. Bd2 b5 20. Be1 a6 21. Rxd8 Rxd8 22. Rd1 Re8 23. Rb1 c5 24. Bd1 Ne6 25. Bf3 c4 26. Ne2 Nc5 27. Bc3 Bxc3 28. Nxc3 Rd8 29. Rd1 Rxd1+ 30. Nxd1 Nfd7 31. Kf1 Nd3 32. Ke2 Nc1+ 33. Kd2 Nxa2 34. Nc3 Nb4 35. Be2 Nc5 36. f3 Nb3+ 37. Kd1 Kf8 38. Ne4 Nd5 0-1

[Event "Madurai op 1st"]
[Site "Madurai"]
[Date "2017.08.13"]
[Round "3"]
[White "Adhithya, S."]
[Black "Sri, Sai Baswanth P"]
[Result "1-0"]
[WhiteElo "2097"]
[BlackElo "1721"]
[PlyCount "75"]
[EventDate "2017.08.12"]
[EventType "swiss"]
[EventRounds "8"]
[EventCountry "IND"]
[SourceTitle "CBM 180 Extra"]
[Source "ChessBase"]
[SourceDate "2017.10.06"]
[SourceVersion "1"]
[SourceVersionDate "2017.10.06"]
[SourceQuality "1"]

1. Nf3 d5 2. d4 Nf6 3. g3 e6 4. Bg2 Be7 5. 0-0 0-0 6. c4 dxc4 7. Qc2 a6 8. Qxc4 b5 9. Qc2 Bb7 10. Bd2 Nc6 11. e3 Nb4 12. Bxb4 Bxb4 13. a3 Bd6 14. Nbd2 Rc8 15. e4 Be7 16. b4 Nd7 17. Nb3 Nb6 18. Na5 Ba8 19. Rfd1 Bd6 20. Rac1 h6 21. Ne1 Re8 22. Nd3 Qg5 23. h4 Qg4 24. e5 Be7 25. Bxa8 Nxa8 26. Kh2 Qxd4 27. Nc6 Qb6 28. Nf4 Qb7 29. Qe4 Qb6 30. Qf3 Bf8 31. Rd7 a5 32. Nh5 Qa6 33. Qxf7+ Kh8 34. Nf4 Be7 35. Nxe6 Rg8 36. Nxe7 Rce8 37. Ng6+ Kh7 38. Qxe8 1-0

[Event "IND-ch U19 46th"]
[Site "Rajahmundry"]
[Date "2016.10.13"]
[Round "8"]
[White "Adhithya, S."]
[Black "Grahesh, Y."]
[Result "0-1"]
[WhiteElo "2083"]
[BlackElo "1910"]
[PlyCount "84"]
[EventDate "2016.10.08"]
[EventType "swiss"]
[EventRounds "11"]
[EventCountry "IND"]
[SourceTitle "CBM 175 Extra"]
[Source "ChessBase"]
[SourceDate "2016.12.12"]
[SourceVersion "1"]
[SourceVersionDate "2016.12.12"]
[SourceQuality "1"]

1. c4 c5 2. Nc3 Nc6 3. g3 g6 4. Bg2 Bg7 5. d3 e5 6. e4 Nge7 7. Nge2 d6 8. 0-0 0-0 9. Be3 Nd4 10. Rb1 Nec6 11. Qd2 Be6 12. Bxd4 exd4 13. Nd1 Qd7 14. a3 Rab8 15. f4 f5 16. exf5 gxf5 17. Kh1 d5 18. cxd5 Bxd5 19. Ng1 b5 20. Rc1 c4 21. Nf3 Rfe8 22. a4 a6 23. axb5 axb5 24. Re1 Qd6 25. h3 Nb4 26. Rxe8+ Rxe8 27. dxc4 bxc4 28. Kh2 d3 29. Ne3 Nc2 30. Nxd5 Qxd5 31. Ne5 Qe6 32. Qa5 Ne3 33. Bc6 Rf8 34. Re1 Bxe5 35. Rxe3 Qxc6 36. fxe5 Rb8 37. Kg1 Ra8 38. Qe1 Qd5 39. Qb4 d2 40. Re1 dxe1Q+ 41. Qxe1 Qd4+ 42. Kf1 Qxb2 0-1

[Event "IND-ch U17"]
[Site "Kolkata"]
[Date "2016.09.17"]
[Round "11"]
[White "Grahesh, Y."]
[Black "Adhithya, S."]
[Result "0-1"]
[WhiteElo "1897"]
[BlackElo "2029"]
[PlyCount "96"]
[EventDate "2016.09.09"]
[EventType "swiss"]
[EventRounds "11"]
[EventCountry "IND"]
[SourceTitle "CBM 174 Extra"]
[Source "ChessBase"]
[SourceDate "2016.10.10"]
[SourceVersion "1"]
[SourceVersionDate "2016.10.10"]
[SourceQuality "1"]

1. c4 e5 2. Nc3 Nc6 3. g3 g6 4. Bg2 Bg7 5. d3 Nge7 6. e4 d6 7. Nge2 0-0 8. 0-0 Be6 9. Nd5 Qd7 10. Be3 f5 11. Qd2 Nd8 12. Rac1 c6 13. Nxe7+ Qxe7 14. d4 fxe4 15. d5 Bg4 16. Nc3 c5 17. b4 b6 18. bxc5 bxc5 19. Nxe4 Rc8 20. Rc3 Nf7 21. Rb3 Qd7 22. Rfb1 Rc7 23. Qa5 Be2 24. Rc1 Bg4 25. Rb5 Bf5 26. Nd2 Bh6 27. Qc3 Bxe3 28. Qxe3 Kg7 29. Rc3 Nh6 30. f3 Bh3 31. Bxh3 Qxh3 32. Qe4 Nf5 33. Rcb3 Rcf7 34. Rb7 Nd4 35. Rb1 Qh6 36. Nf1 Kg8 37. Rxf7 Rxf7 38. Rb8+ Kg7 39. f4 exf4 40. Qe8 Kf6 41. Qd8+ Kf5 42. Qxd6 fxg3 43. Rb2 Qg5 44. Nxg3+ Kg4 45. Rg2 Kh3 46. Rf2 Qc1+ 47. Nf1 Ne2+ 48. Kh1 Qxf1+ 0-1

[Event "IND-ch U17"]
[Site "Kolkata"]
[Date "2016.09.15"]
[Round "9"]
[White "Adhithya, S."]
[Black "Harikrishnan, A Ra"]
[Result "1-0"]
[WhiteElo "2029"]
[BlackElo "2353"]
[PlyCount "107"]
[EventDate "2016.09.09"]
[EventType "swiss"]
[EventRounds "11"]
[EventCountry "IND"]
[SourceTitle "CBM 174 Extra"]
[Source "ChessBase"]
[SourceDate "2016.10.10"]
[SourceVersion "1"]
[SourceVersionDate "2016.10.10"]
[SourceQuality "1"]

1. Nf3 d5 2. e3 Nf6 3. d4 c5 4. c3 e6 5. Bd3 Nc6 6. Nbd2 Bd6 7. 0-0 0-0 8. e4 cxd4 9. cxd4 dxe4 10. Nxe4 Be7 11. Be3 Nb4 12. Nxf6+ Bxf6 13. Be4 Nd5 14. Qd3 g6 15. Bh6 Bg7 16. Bg5 Qd6 17. Qb3 b6 18. Bxd5 exd5 19. Rfe1 Be6 20. Bh4 Rac8 21. Bg3 Qc6 22. Qe3 Qc2 23. Re2 Qa4 24. b3 Qb4 25. Be5 Qc3 26. Qxc3 Rxc3 27. Bxg7 Kxg7 28. Rae1 Rfc8 29. Ng5 Bf5 30. Re7 R8c7 31. h4 h6 32. Nxf7 Be4 33. Rxc7 Rxc7 34. Nd6 Rc2 35. f3 Bd3 36. Re7+ Kf6 37. Rxa7 Ke6 38. Nf7 Rd2 39. Ne5 Bb1 40. Nc6 Kd6 41. Nd8 Rxd4 42. Nf7+ Kc5 43. Nxh6 Rxh4 44. Ng4 d4 45. a3 d3 46. Rb7 Bc2 47. Ne5 Rd4 48. b4+ Rxb4 49. axb4+ Kxb4 50. Nxd3+ Kc3 51. Ne1 Ba4 52. Rxb6 g5 53. Rd6 g4 54. fxg4 1-0

[Event "IND-ch U17"]
[Site "Kolkata"]
[Date "2016.09.13"]
[Round "7"]
[White "Adhithya, S."]
[Black "Sammed Jaykumar, Shete"]
[Result "1/2-1/2"]
[WhiteElo "2029"]
[BlackElo "2284"]
[PlyCount "56"]
[EventDate "2016.09.09"]
[EventType "swiss"]
[EventRounds "11"]
[EventCountry "IND"]
[SourceTitle "CBM 174 Extra"]
[Source "ChessBase"]
[SourceDate "2016.10.10"]
[SourceVersion "1"]
[SourceVersionDate "2016.10.10"]
[SourceQuality "1"]

1. Nf3 Nf6 2. g3 g6 3. Bg2 Bg7 4. 0-0 0-0 5. d4 d6 6. c4 Nc6 7. Nc3 a6 8. Bf4 Rb8 9. Rc1 h6 10. b3 g5 11. Be3 Ng4 12. d5 Nxe3 13. fxe3 Ne5 14. Nd4 e6 15. Qc2 Bd7 16. h3 c5 17. dxc6 Bxc6 18. Nxc6 bxc6 19. Na4 Qe7 20. e4 c5 21. e3 Nc6 22. Bf3 Ne5 23. Bg2 Nd7 24. Bf3 Be5 25. Kg2 Kg7 26. Rcd1 Rh8 27. Nb2 h5 28. Nd3 Rh6 1/2-1/2

[Event "IND-ch U17"]
[Site "Kolkata"]
[Date "2016.09.12"]
[Round "6"]
[White "Adhithya, S."]
[Black "Mitrabha, Guha"]
[Result "1/2-1/2"]
[WhiteElo "2029"]
[BlackElo "2286"]
[PlyCount "90"]
[EventDate "2016.09.09"]
[EventType "swiss"]
[EventRounds "11"]
[EventCountry "IND"]
[SourceTitle "CBM 174 Extra"]
[Source "ChessBase"]
[SourceDate "2016.10.10"]
[SourceVersion "1"]
[SourceVersionDate "2016.10.10"]
[SourceQuality "1"]

1. c4 e6 2. Nf3 Nf6 3. e3 b6 4. Nc3 Bb7 5. d4 Bb4 6. Bd3 Bxc3+ 7. bxc3 Ne4 8. Qc2 f5 9. 0-0 0-0 10. Ne1 d6 11. f3 Nf6 12. e4 fxe4 13. fxe4 Nbd7 14. Nf3 e5 15. Ba3 c5 16. d5 Bc8 17. Be2 Nb8 18. Bc1 Bd7 19. Bg5 Be8 20. Nh4 Nbd7 21. Nf5 Qc7 22. Qd3 Kh8 23. Qh3 Bg6 24. Bd3 Rf7 25. g4 Kg8 26. Rf2 Raf8 27. Raf1 a6 28. Qg3 b5 29. h4 Kh8 30. h5 Bxf5 31. Rxf5 Qa5 32. Bd2 Qxa2 33. Qg2 h6 34. cxb5 axb5 35. Bxb5 Kg8 36. Bxd7 Nxd7 37. Rxf7 Rxf7 38. Rxf7 Kxf7 39. g5 hxg5 40. Qh3 Nf6 41. Qe6+ Kf8 42. Qc8+ Ne8 43. Qf5+ Nf6 44. Qc8+ Ke7 45. Qc7+ Ke8 1/2-1/2

[Event "IND-ch U17"]
[Site "Kolkata"]
[Date "2016.09.12"]
[Round "5"]
[White "Vatsal, Singhania"]
[Black "Adhithya, S."]
[Result "0-1"]
[WhiteElo "1815"]
[BlackElo "2029"]
[PlyCount "46"]
[EventDate "2016.09.09"]
[EventType "swiss"]
[EventRounds "11"]
[EventCountry "IND"]
[SourceTitle "CBM 174 Extra"]
[Source "ChessBase"]
[SourceDate "2016.10.10"]
[SourceVersion "1"]
[SourceVersionDate "2016.10.10"]
[SourceQuality "1"]

1. e4 d6 2. d4 Nf6 3. Nc3 c6 4. f4 Qa5 5. Bd3 e5 6. Nf3 exd4 7. Nxd4 Be7 8. h3 0-0 9. Be3 Na6 10. 0-0 Qc7 11. a3 Nc5 12. b4 Nxd3 13. cxd3 Bd7 14. Rc1 Rfe8 15. Qf3 a5 16. b5 c5 17. Nde2 Be6 18. Rfd1 Bb3 19. Rd2 d5 20. Nxd5 Nxd5 21. exd5 Qd7 22. Bxc5 Qxb5 23. Rf1 f5 0-1

[Event "Voronezh op-A 20th"]
[Site "Voronezh"]
[Date "2016.06.20"]
[Round "9"]
[White "Lutsenko, Alexander"]
[Black "Adhithya, S."]
[Result "1/2-1/2"]
[WhiteElo "2108"]
[BlackElo "2025"]
[PlyCount "82"]
[EventDate "2016.06.12"]
[EventType "swiss"]
[EventRounds "9"]
[EventCountry "RUS"]
[SourceTitle "EXT 2019"]
[Source "ChessBase"]
[SourceDate "2018.10.10"]
[SourceVersion "1"]
[SourceVersionDate "2018.10.10"]
[SourceQuality "1"]

1. e4 d6 2. d4 Nf6 3. Nc3 c6 4. Nf3 Bg4 5. Be2 e6 6. h3 Bh5 7. 0-0 d5 8. exd5 cxd5 9. Ne5 Bxe2 10. Qxe2 a6 11. Bg5 Be7 12. Ng4 0-0 13. Nxf6+ Bxf6 14. Bxf6 Qxf6 15. Qe3 Nc6 16. Ne2 Rfc8 17. Rac1 b5 18. c3 Ne7 19. Qd3 Nf5 20. g4 Nd6 21. f4 Qg6 22. Qxg6 hxg6 23. Ng3 Rc4 24. f5 exf5 25. gxf5 g5 26. f6 g6 27. Rfe1 Re8 28. Nf1 Ra4 29. a3 Rxe1 30. Rxe1 Ne4 31. Ra1 Rc4 32. Ne3 Rc6 33. Nxd5 Rd6 34. Re1 Nxf6 35. Nxf6+ Rxf6 36. Re5 Rf3 37. Rxg5 Rxh3 38. a4 Rh5 39. Rc5 Rxc5 40. dxc5 Kf8 41. axb5 axb5 1/2-1/2

[Event "Voronezh op-A 20th"]
[Site "Voronezh"]
[Date "2016.06.19"]
[Round "8"]
[White "Adhithya, S."]
[Black "Pogosian, Georgy"]
[Result "0-1"]
[WhiteElo "2025"]
[BlackElo "2206"]
[PlyCount "96"]
[EventDate "2016.06.12"]
[EventType "swiss"]
[EventRounds "9"]
[EventCountry "RUS"]
[SourceTitle "EXT 2019"]
[Source "ChessBase"]
[SourceDate "2018.10.10"]
[SourceVersion "1"]
[SourceVersionDate "2018.10.10"]
[SourceQuality "1"]

1. Nf3 d5 2. e3 c6 3. d4 Nf6 4. c3 Bf5 5. Nbd2 h6 6. Ne5 e6 7. Be2 Nbd7 8. f4 Bd6 9. 0-0 Qe7 10. Qb3 Rb8 11. a4 0-0 12. Qd1 Bxe5 13. fxe5 Ne4 14. Nxe4 Bxe4 15. b3 Qg5 16. Bf3 f5 17. Qe2 c5 18. Ba3 Bxf3 19. Qxf3 Rfc8 20. Rfc1 c4 21. Bd6 cxb3 22. Rab1 Ra8 23. Rxb3 Nb6 24. a5 Nc4 25. Rxb7 Nxa5 26. Be7 Qg6 27. Rb5 Nc4 28. Bc5 a6 29. Rb7 Rab8 30. Rxb8 Rxb8 31. h3 Rb2 32. Re1 Qg5 33. Re2 Rxe2 34. Qxe2 Qxe3+ 35. Qxe3 Nxe3 36. Kf2 Nd1+ 37. Ke2 Nxc3+ 38. Kd3 Ne4 39. Ba3 g5 40. Bc1 Kg7 41. Ke3 f4+ 42. Kf3 Kg6 43. h4 Kf5 44. hxg5 Nxg5+ 45. Kf2 Ke4 46. Bd2 h5 47. g3 fxg3+ 48. Kxg3 Nf3 0-1

[Event "Voronezh op-A 20th"]
[Site "Voronezh"]
[Date "2016.06.18"]
[Round "7"]
[White "Aivazian, Grigory"]
[Black "Adhithya, S."]
[Result "1-0"]
[WhiteElo "2297"]
[BlackElo "2025"]
[PlyCount "123"]
[EventDate "2016.06.12"]
[EventType "swiss"]
[EventRounds "9"]
[EventCountry "RUS"]
[SourceTitle "EXT 2019"]
[Source "ChessBase"]
[SourceDate "2018.10.10"]
[SourceVersion "1"]
[SourceVersionDate "2018.10.10"]
[SourceQuality "1"]

1. e4 d6 2. d4 Nf6 3. Nc3 c6 4. f4 Qa5 5. e5 Ne4 6. Nf3 Bg4 7. Be2 Nxc3 8. Qd2 e6 9. bxc3 d5 10. 0-0 c5 11. Rb1 c4 12. Rxb7 Nd7 13. Ng5 Bxe2 14. Qxe2 0-0-0 15. Rb1 Re8 16. Nxf7 Rg8 17. Qf3 g6 18. Bd2 Rg7 19. Nh6 Qxa2 20. Rfc1 Qa5 21. Ng4 Qc7 22. Be1 Be7 23. Ne3 Nb6 24. Qh3 Qd7 25. Bh4 Rf8 26. Bxe7 Rxe7 27. Ng4 Rxf4 28. Nf6 Qd8 29. Qe3 g5 30. Rf1 Rxf1+ 31. Rxf1 h6 32. Qh3 Qh8 33. Qh5 Na4 34. Rf3 Rb7 35. Qg4 Rb6 36. Nxd5 Rb1+ 37. Kf2 Qe8 38. Nf6 Qc6 39. Ne4 Kb7 40. Nd6+ Ka6 41. Qxe6 Nb6 42. Qe8 Qd5 43. Qg6 Rc1 44. Re3 Ka5 45. Qe4 Ka4 46. Qxd5 Rxc2+ 47. Re2 Rxe2+ 48. Kxe2 Nxd5 49. Nxc4 Kb3 50. Ne3 Nc7 51. Kd3 a5 52. d5 a4 53. c4 a3 54. Nc2 a2 55. e6 Na6 56. Na1+ Kb2 57. e7 Nc5+ 58. Ke3 Kxa1 59. e8Q Kb1 60. Qb8+ Kc2 61. Qa7 Kb1 62. d6 1-0

[Event "Voronezh op-A 20th"]
[Site "Voronezh"]
[Date "2016.06.15"]
[Round "4"]
[White "Adhithya, S."]
[Black "Khajrutdinov, Ildar"]
[Result "1-0"]
[WhiteElo "2025"]
[BlackElo "2122"]
[PlyCount "77"]
[EventDate "2016.06.12"]
[EventType "swiss"]
[EventRounds "9"]
[EventCountry "RUS"]
[SourceTitle "EXT 2019"]
[Source "ChessBase"]
[SourceDate "2018.10.10"]
[SourceVersion "1"]
[SourceVersionDate "2018.10.10"]
[SourceQuality "1"]

1. Nf3 Nf6 2. e3 e6 3. d4 d5 4. Bd3 c5 5. c3 Nc6 6. 0-0 Be7 7. Nbd2 0-0 8. Ne5 Nxe5 9. dxe5 Nd7 10. f4 f5 11. exf6 Nxf6 12. e4 c4 13. Be2 b5 14. e5 Nd7 15. Nf3 Nc5 16. Nd4 Qb6 17. Kh1 a5 18. Be3 Qb7 19. Bg4 g6 20. Qf3 Ra6 21. Qh3 Rf7 22. Be2 Bf8 23. Qg4 Rg7 24. h4 Be7 25. Rf3 b4 26. h5 bxc3 27. bxc3 Ne4 28. Kh2 Nxc3 29. Rh3 Bc5 30. Bf3 Qa7 31. hxg6 Bxd4 32. Bxd4 Rxg6 33. Qh4 Qd7 34. Bxc3 Rg7 35. Bd4 Rc6 36. Rc1 Qe7 37. Qxe7 Rxe7 38. f5 Rf7 39. f6 1-0

[Event "Mumbai Wealth op"]
[Site "Mumbai"]
[Date "2016.02.05"]
[Round "9"]
[White "Adhithya, S."]
[Black "Kulkarni, Vikramaditya"]
[Result "1-0"]
[WhiteElo "2018"]
[BlackElo "2297"]
[PlyCount "39"]
[EventDate "2016.01.28"]
[EventType "swiss"]
[EventRounds "9"]
[EventCountry "IND"]
[SourceTitle "CBM 170 Extra"]
[Source "ChessBase"]
[SourceDate "2016.02.25"]
[SourceVersion "1"]
[SourceVersionDate "2016.02.25"]
[SourceQuality "1"]

1. c4 e6 2. g3 Nf6 3. Bg2 d5 4. Nf3 d4 5. d3 Bb4+ 6. Bd2 a5 7. Na3 Bxd2+ 8. Qxd2 0-0 9. 0-0 Nc6 10. e3 dxe3 11. Qxe3 Ng4 12. Qe2 Re8 13. d4 e5 14. dxe5 Ncxe5 15. Rad1 Qe7 16. Rfe1 Ra6 17. Nxe5 Nxe5 18. f4 Bg4 19. Qxg4 Qc5+ 20. Kh1 1-0

[Event "Mumbai Wealth op"]
[Site "Mumbai"]
[Date "2016.01.30"]
[Round "3"]
[White "Adhithya, S."]
[Black "Saumil, Nair"]
[Result "1-0"]
[WhiteElo "2018"]
[BlackElo "1721"]
[PlyCount "69"]
[EventDate "2016.01.28"]
[EventType "swiss"]
[EventRounds "9"]
[EventCountry "IND"]
[SourceTitle "CBM 170 Extra"]
[Source "ChessBase"]
[SourceDate "2016.02.25"]
[SourceVersion "1"]
[SourceVersionDate "2016.02.25"]
[SourceQuality "1"]

1. c4 e6 2. g3 f5 3. Bg2 Nf6 4. Nc3 Bb4 5. Qc2 Bxc3 6. Qxc3 d6 7. d3 0-0 8. b4 a5 9. a3 Qe8 10. e3 axb4 11. axb4 Rxa1 12. Qxa1 e5 13. Ne2 Na6 14. Bd2 f4 15. gxf4 Qg6 16. Rg1 Qxd3 17. fxe5 dxe5 18. Qxe5 Qxc4 19. Qd4 Qxd4 20. Nxd4 c5 21. bxc5 Nxc5 22. Bf1 Nfe4 23. Bc4+ Kh8 24. f3 Nxd2 25. Kxd2 g6 26. e4 Nd7 27. Rg5 Rf4 28. Be6 Nb6 29. Rb5 Bxe6 30. Nxe6 Nc4+ 31. Kd3 Rf6 32. Nd4 Nd6 33. Rd5 Nf7 34. e5 Nxe5+ 35. Rxe5 1-0

[Event "Mumbai Wealth op"]
[Site "Mumbai"]
[Date "2016.01.29"]
[Round "2"]
[White "Stany, George Anthony"]
[Black "Adhithya, S."]
[Result "1-0"]
[WhiteElo "2421"]
[BlackElo "2018"]
[PlyCount "141"]
[EventDate "2016.01.28"]
[EventType "swiss"]
[EventRounds "9"]
[EventCountry "IND"]
[SourceTitle "CBM 170 Extra"]
[Source "ChessBase"]
[SourceDate "2016.02.25"]
[SourceVersion "1"]
[SourceVersionDate "2016.02.25"]
[SourceQuality "1"]

1. e4 c6 2. d4 d5 3. e5 c5 4. Nf3 cxd4 5. Nxd4 Nc6 6. c4 e6 7. Nc3 Bb4 8. Nxc6 bxc6 9. Qa4 a5 10. cxd5 Qxd5 11. Qxb4 axb4 12. Nxd5 exd5 13. Be3 Ne7 14. Bc5 Ng6 15. Kd2 Kd7 16. Bxb4 Nxe5 17. f4 Ng4 18. Bd3 Nf2 19. Rhe1 Nxd3 20. Kxd3 Re8 21. Rxe8 Ba6+ 22. Kd4 Rxe8 23. Re1 Be2 24. Kc5 Re4 25. b3 d4 26. a4 Kc7 27. Bd2 f5 28. g3 g6 29. Bc1 h5 30. Bb2 d3 31. Bc1 Re7 32. Bd2 Rd7 33. b4 Rd5+ 34. Kc4 Rd7 35. Kc3 Re7 36. Ra1 Kb6 37. Be1 Re4 38. Bf2+ Ka6 39. Bc5 h4 40. Kd2 h3 41. Rc1 Bf3 42. Kxd3 Re2 43. Bg1 Ra2 44. Kc4 Bd5+ 45. Kc5 Rxa4 46. b5+ Kb7 47. b6 Ra8 48. Kd6 Re8 49. Ra1 Ra8 50. Re1 Be4 51. Ke7 Ra2 52. Kf6 c5 53. Kxg6 Kxb6 54. g4 Rg2 55. g5 Kb5 56. Kh7 Bd5 57. g6 Kc6 58. g7 Rg4 59. Rc1 c4 60. Ra1 Bf7 61. Bf2 Kd5 62. Ra7 Be6 63. Ra5+ Kd6 64. Bc5+ Kd5 65. Be7+ Kd4 66. Bf6+ Kd3 67. Re5 Bf7 68. Re7 Bd5 69. Rd7 Ke4 70. Bg5 Be6 71. Re7 1-0

[Event "IND-ch U15"]
[Site "Jammu"]
[Date "2015.09.27"]
[Round "9"]
[White "Sankalp, Gupta"]
[Black "Adhithya, S."]
[Result "1-0"]
[WhiteElo "2055"]
[BlackElo "2106"]
[PlyCount "73"]
[EventDate "2015.09.21"]
[EventType "swiss"]
[EventRounds "11"]
[EventCountry "IND"]
[SourceTitle "EXT 2016"]
[Source "ChessBase"]
[SourceDate "2015.10.08"]
[SourceVersion "1"]
[SourceVersionDate "2015.10.08"]
[SourceQuality "1"]

1. e4 g6 2. d4 Bg7 3. Nc3 c5 4. Nf3 cxd4 5. Nxd4 Nc6 6. Be3 d6 7. Bc4 Nf6 8. f3 0-0 9. Qd2 Bd7 10. 0-0-0 Rc8 11. Bb3 Ne5 12. Kb1 Nc4 13. Bxc4 Rxc4 14. g4 a6 15. h4 b5 16. h5 e6 17. Nce2 Qe7 18. Nb3 Ne8 19. Bg5 f6 20. Be3 g5 21. h6 Bh8 22. Na5 Rc7 23. f4 f5 24. fxg5 fxg4 25. Rhg1 Qf7 26. Rxg4 e5 27. Rg3 Qg6 28. Nc3 Be6 29. Nd5 Rcf7 30. Nc6 Bxd5 31. Qxd5 Bf6 32. Rgg1 Nc7 33. Qxd6 Qxe4 34. gxf6+ Kh8 35. Nxe5 Rxf6 36. Qxf6+ Rxf6 37. Rd8+ 1-0

[Event "Voronezh op-A 19th"]
[Site "Voronezh"]
[Date "2015.06.20"]
[Round "9"]
[White "Grigorjev, Iljya"]
[Black "Adhithya, S."]
[Result "1-0"]
[WhiteElo "2316"]
[BlackElo "2115"]
[PlyCount "59"]
[EventDate "2015.06.12"]
[EventType "swiss"]
[EventRounds "9"]
[EventCountry "RUS"]
[SourceTitle "CBM 167 Extra"]
[Source "ChessBase"]
[SourceDate "2015.09.14"]
[SourceVersion "1"]
[SourceVersionDate "2015.09.14"]
[SourceQuality "1"]

1. e4 d6 2. d4 Nf6 3. Nc3 Nbd7 4. Nf3 e5 5. Bc4 Be7 6. 0-0 0-0 7. Re1 c6 8. a4 h6 9. h3 Nh7 10. Be3 Ng5 11. Nxg5 Bxg5 12. Qd2 exd4 13. Qxd4 Ne5 14. Ba2 Qf6 15. Qd2 Bh4 16. Qe2 g5 17. Rf1 g4 18. hxg4 Bxg4 19. f3 Bh5 20. g4 Kh7 21. gxh5 Rg8+ 22. Kh1 Bg3 23. Bg1 Qh4+ 24. Bh2 Rg5 25. f4 Rxh5 26. fxe5 Bxh2 27. Rxf7+ Kh8 28. Qf3 Bxe5+ 29. Kg2 Rg8+ 30. Kf1 1-0

[Event "Voronezh op-A 19th"]
[Site "Voronezh"]
[Date "2015.06.19"]
[Round "8"]
[White "Adhithya, S."]
[Black "Doluhanova, Evgeniya"]
[Result "1/2-1/2"]
[WhiteElo "2115"]
[BlackElo "2307"]
[PlyCount "76"]
[EventDate "2015.06.12"]
[EventType "swiss"]
[EventRounds "9"]
[EventCountry "RUS"]
[SourceTitle "CBM 167 Extra"]
[Source "ChessBase"]
[SourceDate "2015.09.14"]
[SourceVersion "1"]
[SourceVersionDate "2015.09.14"]
[SourceQuality "1"]

1. d4 Nf6 2. Nf3 e6 3. g3 b6 4. Bg2 Bb7 5. 0-0 c5 6. c4 cxd4 7. Nxd4 Bxg2 8. Kxg2 Nc6 9. Nb5 Be7 10. Nd6+ Bxd6 11. Qxd6 Qe7 12. Qxe7+ Kxe7 13. Nc3 Rac8 14. b3 Nb4 15. Ba3 a5 16. Na4 Rc6 17. Nb2 d5 18. Nd3 dxc4 19. Nxb4 axb4 20. Bxb4+ Kd7 21. Rfd1+ Kc7 22. bxc4 Rxc4 23. Bd6+ Kb7 24. Be5 Rhc8 25. Bxf6 gxf6 26. Rd7+ R8c7 27. Rad1 Rc2 28. R1d2 Rxd2 29. Rxd2 b5 30. Kf3 f5 31. Kf4 f6 32. Rd6 Re7 33. e4 fxe4 34. Kxe4 Kc7 35. Ra6 Kb7 36. Rd6 Kc7 37. Ra6 Kb7 38. Rd6 Kc7 1/2-1/2

[Event "Mumbai Mayors Cup 8th"]
[Site "Mumbai"]
[Date "2015.06.02"]
[Round "1"]
[White "Zubov, Alexander"]
[Black "Adhithya, S."]
[Result "1-0"]
[WhiteElo "2612"]
[BlackElo "2115"]
[PlyCount "121"]
[EventDate "2015.06.02"]
[EventType "swiss"]
[EventRounds "10"]
[EventCountry "IND"]
[SourceTitle "CBM 166 Extra"]
[Source "ChessBase"]
[SourceDate "2015.06.18"]
[SourceVersion "1"]
[SourceVersionDate "2015.06.18"]
[SourceQuality "1"]

1. d4 Nf6 2. c4 g6 3. Nc3 d5 4. e3 Bg7 5. Qb3 c6 6. Nf3 0-0 7. Bd2 dxc4 8. Bxc4 b5 9. Be2 a6 10. a4 Bb7 11. 0-0 Nbd7 12. Rfd1 Qb8 13. Qc2 Rc8 14. b4 e5 15. Qb3 Rf8 16. Rac1 exd4 17. exd4 Ng4 18. h3 Nh6 19. Ne4 Nf5 20. Bc3 Qf4 21. Nc5 Nxc5 22. dxc5 Bxc3 23. Qxc3 Rae8 24. Bf1 Bc8 25. axb5 axb5 26. Re1 Be6 27. Ne5 Rc8 28. Rcd1 Ne7 29. Nd7 Bxd7 30. Rxe7 Bf5 31. g3 Qh6 32. g4 Be6 33. Bg2 Qg5 34. Ra7 Rcd8 35. Rd6 Rxd6 36. cxd6 Bd5 37. Qc5 Rd8 38. Re7 Qd2 39. d7 Qd1+ 40. Kh2 Bxg2 41. Kxg2 Rxd7 42. Re8+ Kg7 43. Qf8+ Kf6 44. Qh8+ Kg5 45. Re5+ f5 46. gxf5 Kf4 47. Re3 Qd5+ 48. Kg1 Qxf5 49. Qb8+ Kg5 50. Re5 Rd4 51. Qc7 Rc4 52. Rxf5+ Kxf5 53. Qxh7 Kf6 54. Qd7 g5 55. Kg2 Kg6 56. Qe6+ Kh5 57. Kg3 Rc3+ 58. f3 Rc4 59. Qf6 Rc1 60. Qg7 Rg1+ 61. Kh2 1-0

[Event "IND-chT 35th"]
[Site "Goa"]
[Date "2015.02.21"]
[Round "2"]
[White "Adhithya, S."]
[Black "Adhiban, Baskaran"]
[Result "0-1"]
[WhiteElo "2019"]
[BlackElo "2630"]
[PlyCount "68"]
[EventDate "2015.02.20"]
[EventType "team-swiss"]
[EventRounds "9"]
[EventCountry "IND"]
[SourceTitle "CBM 165 Extra"]
[Source "ChessBase"]
[SourceDate "2015.04.21"]
[SourceVersion "1"]
[SourceVersionDate "2015.04.21"]
[SourceQuality "1"]
[WhiteTeam "Tamil Nadu State II"]
[BlackTeam "Petroleum Sports"]
[WhiteTeamCountry "IND"]
[BlackTeamCountry "IND"]

1. d4 Nf6 2. Nf3 d5 3. g3 Bf5 4. Bg2 e6 5. 0-0 c6 6. Nbd2 h6 7. c4 Nbd7 8. b3 Bd6 9. Bb2 Qb8 10. Rc1 0-0 11. a3 a5 12. Re1 b5 13. cxd5 cxd5 14. Rc6 b4 15. a4 Rc8 16. Rxc8+ Qxc8 17. Ne5 Ra7 18. Qa1 Rc7 19. Nxd7 Qxd7 20. Rc1 Bc2 21. f3 h5 22. e3 Qd8 23. Qa2 h4 24. g4 Nxg4 25. fxg4 Qg5 26. Nf1 Qxg4 27. h3 Qe2 28. Qa1 Bg3 29. Kh1 Bd6 30. Re1 Qf2 31. e4 Bxe4 32. Rxe4 dxe4 33. Bxe4 Bf4 34. d5 Rc1 0-1